Lý thuyết các quá trình luyện kim : Hoả luyện T.1 /

Sách tập trung giới thiệu những vấn đề lý thuyết cơ bản nhất của các quá trình hoả luyện trong quá trình luyện kim.

Αποθηκεύτηκε σε:
Λεπτομέρειες βιβλιογραφικής εγγραφής
Κύριος συγγραφέας: Bùi Văn Mưu.
Άλλοι συγγραφείς: Nguyễn Văn Hiền., Nguyễn Kế Bình., Trương Ngọc Thận.
Μορφή: Βιβλίο
Γλώσσα:Vietnamese
Έκδοση: Hà Nội : Giáo dục, 1997.
Θέματα:
Ετικέτες: Προσθήκη ετικέτας
Δεν υπάρχουν, Καταχωρήστε ετικέτα πρώτοι!
Thư viện lưu trữ: Mạng thư viện Đại học Đà Nẵng
LEADER 01237cam a2200385 i 4500
001 000046686
003 6189
005 20030916162423.0
008 010228b1997 vm 000 vie
020 |c 17500 
040 |a IRC  |c IRC  |d IRC 
041 0 |a vie 
082 1 4 |a 669.0282  |b BU-M 
100 1 |a Bùi Văn Mưu. 
245 0 0 |a Lý thuyết các quá trình luyện kim :  |b Hoả luyện  |n T.1 /  |c Bùi Văn Mưu (Chủ biên), Nguyễn Văn Hiền, Nguyễn Kế Bình, Trương Ngọc Thận. 
260 |a Hà Nội :  |b Giáo dục,  |c 1997. 
300 |a 243tr. ;  |c 27cm. 
520 3 |a Sách tập trung giới thiệu những vấn đề lý thuyết cơ bản nhất của các quá trình hoả luyện trong quá trình luyện kim. 
630 0 4 |a Luyện kim. 
630 0 4 |a Công nghệ luyện kim. 
630 0 4 |a Hoả luyện. 
650 0 4 |a Luyện kim  |x Công nghệ. 
700 1 |a Nguyễn Văn Hiền. 
700 1 |a Nguyễn Kế Bình. 
700 1 |a Trương Ngọc Thận. 
OWN |a DUT 
999 |a From the UDN01 
TYP |a Monograph 
TYP |a Printed language 
980 |a Mạng thư viện Đại học Đà Nẵng